| 000 | 01185nam a22003497a 4500 | ||
|---|---|---|---|
| 003 | CHAP | ||
| 005 | 20220329134621.0 | ||
| 008 | 971013s1976 r 00010 d | ||
| 010 | _a23078 | ||
| 011 | _a24050 | ||
| 035 | _a28149 | ||
| 040 | _cCHAP | ||
| 090 | _aTesis | ||
| 100 | 0 | 0 |
_aAyala Lizárraga, Santiago. _98950 |
| 245 | _aEstudio de la distribución radical de tres portainjertos de manzana (MM 111, M7 y M26) | ||
| 260 |
_aChapingo, Méx. : _bEl autor, _c1976 |
||
| 300 |
_a107 h. _b: ilus. ; gráfs |
||
| 502 | _aTesis (M.C. Esp. en Genética) -- ENA. Rama de Genética | ||
| 590 |
_aALEPH _b10 _c20130110 _lUCH01 _h1247 |
||
| 590 |
_aBATCH-UPD _b10 _c20130110 _lUCH01 _h1813 |
||
| 590 |
_aBATCH-UPD _b10 _c20130410 _lUCH01 _h1148 |
||
| 590 |
_aBATCH-UPD _b10 _c20130914 _lUCH01 _h0459 |
||
| 590 |
_aCONVERSION _b10 _c20130109 _lUCH01 _h1314 |
||
| 650 | 1 | 4 |
_aManzana _xFisiología y morfología. _970769 |
| 650 | 1 | 4 |
_aRaíces _994670 |
| 901 | _aBK | ||
| 942 | _cFOLL | ||
| 949 |
_bBC _cTES _d-64939 _eTS1 _i28149 _si |
||
| 949 |
_bBC _cTES _d-64940 _eTS2 _fc.2 _i28149 _si |
||
| 949 |
_bBC _cTES _d-64942 _eTS2 _fc.4 _i28149 _si |
||
| 949 |
_bBC _cTES _d33724000904801 _eTS2 _fc.3 _i28149 _si |
||
| 999 |
_c23078 _d23078 |
||